Reframing Self-regulation in European Private Law : (Record no. 619350)

MARC details
000 -LEADER
fixed length control field 00493nam a2200181 a 4500
008 - FIXED-LENGTH DATA ELEMENTS--GENERAL INFORMATION
fixed length control field 260416s2006##################000#0#eng##
020 ## - INTERNATIONAL STANDARD BOOK NUMBER
ISBN 9789041125316
082 04 - DEWEY DECIMAL CLASSIFICATION NUMBER
Classification number 346.048
Item number LAG
100 1# - MAIN ENTRY--AUTHOR NAME
Personal name Cafaggi, Fabrizio,
245 10 - TITLE STATEMENT
Title Reframing Self-regulation in European Private Law :
260 ## - PUBLICATION, DISTRIBUTION, ETC. (IMPRINT)
Year of publication 2006.
650 #0 - SUBJECT ADDED ENTRY--TOPICAL TERM
Topical Term Administrative agencies.
942 ## - ADDED ENTRY ELEMENTS (KOHA)
Koha item type English Books
Holdings
Withdrawn status Lost status Damaged status Not for loan Home library Current library Shelving location Date acquired Full call number Accession Number Price effective from Koha item type
        Anna Centenary Library Anna Centenary Library 4TH FLOOR, A WING 16.04.2026 346.048 LAG 441820 16.04.2026 English Books

Find us on the map